A dictionary of the english language (Record no. 156390)

MARC details
000 -LEADER
campo de control de longitud fija 01056nam a22002415i 4500
001 - NÚMERO DE CONTROL
campo de control 156390
003 - IDENTIFICADOR DE NÚMERO DE CONTROL
campo de control ES-MaACL
005 - FECHA Y HORA DE LA ÚLTIMA TRANSACCIÓN
campo de control 20250907063116.0
008 - DATOS DE LONGITUD FIJA--INFORMACIÓN GENERAL
campo de control de longitud fija 040803s1784 xxk |||| | eng d
040 ## - FUENTE DE CATALOGACIÓN
Centro catalogador/agencia de origen CAM
Lengua de catalogación spa
Centro/agencia transcriptor CAM
100 1# - ENTRADA PRINCIPAL--NOMBRE DE PERSONA
Nombre de persona Johnson, Samuel,
Fechas asociadas al nombre 1709-1784
9 (RLIN) 137503
245 12 - MENCIÓN DEL TÍTULO
Título A dictionary of the english language
Resto del título : in which the words are deduced from their originals and illustrated in their different significations by examples from the best writers : to which are prefixed a history of the language and english grammar /
Mención de responsabilidad, etc. by Samuel Johnson ; in two volumes, vol. \RII\R.
250 ## - MENCION DE EDICION
Mención de edición The fifth edition.
260 ## - PUBLICACIÓN, DISTRIBUCIÓN, ETC.
Lugar de publicación, distribución, etc. London :
Nombre del editor, distribuidor, etc. printed by W. & A. Strahan,
Fecha de publicación, distribución, etc. 1784.
300 ## - DESCRIPCIÓN FÍSICA
Extensión [1494] p., [2] p. en bl. ;
Dimensiones Fol. (41 cm)
597 ## - NOTA DE DESCRIPCIÓN FÍSICA
NOTA DE DESCRIPCIÓN FÍSICA Sign.: []2, 15A-30Z2, 31A-31-C2, 31D4.
597 ## - NOTA DE DESCRIPCIÓN FÍSICA
NOTA DE DESCRIPCIÓN FÍSICA Texto a dos col.
597 ## - NOTA DE DESCRIPCIÓN FÍSICA
NOTA DE DESCRIPCIÓN FÍSICA La primera h. en bl.
597 ## - NOTA DE DESCRIPCIÓN FÍSICA
NOTA DE DESCRIPCIÓN FÍSICA Port. a dos tintas.
650 04 - PUNTO DE ACCESO ADICIONAL DE MATERIA--TÉRMINO DE MATERIA
Término de materia o nombre geográfico como elemento de entrada Lengua inglesa-
Subdivisión de forma Diccionarios.
9 (RLIN) 14269
852 ## - LOCALIZACIÓN
Ubicación ES-MaACL
Número de control de estantería R-74
Nota libre -- Enc. piel con hierros moderna
Holdings
Estatus retirado Estado de pérdida Estado de daño No para préstamo Colección Biblioteca de origen Biblioteca actual Ubicación en estantería Fecha de adquisición Fuente de adquisición Total de préstamos Signatura topográfica completa Código de barras Visto por última vez Precio de reemplazo Tipo de ítem Koha
        Libros del s. XVIII Biblioteca del Ateneo de Madrid Biblioteca del Ateneo de Madrid Depósito 17/01/2008     R-74 1163618 23/02/2023 23/02/2023 Libro impreso antiguo